zpět

Detail výsledku týmu

U Pásků, Kotvrdovice

Datum a čas kvízu

21.5 Celkem bodů Celkový počet nahraných bodů na tomto kvízu bez doplňovacích otázek.
7. Pořadí na kvízu Konečné umístění týmu na tomto kvízu.

Zaznamenané odpovědi

# Otázka Odpověď Body Výsledky
1. Která politická strana v kampa... SOCDEM (uznáváme i starší název ČSSD) 0
2. V okolí londýnské stanice metr... Burberry 0
3. Českých sci-fi filmů nebývá ka... Bod obnovy 1
4. V pondělí byla slavnostně zahá... až 13 000 návštěvníků 0
5. Který český prvoligový fotbalo... Viktoria Plzeň 0
6. Pes jménem Argos je známý z an... Odysseovi 0
7. Salvador Dalí coby extravagant... o mravenečníka 1
8. Dokážete přiřadit následující... 1A 2B 3C 4D 1
9. Jak se jmenuje kočka na obrázk... Micka 1
10. Astronom konce 16. století cho... Tycho Brahe 1